| 000 | 01567nam a22002057a 4500 | ||
|---|---|---|---|
| 003 | OSt | ||
| 005 | 20260409114601.0 | ||
| 008 | 260409b |||||||| |||| 00| 0 SPA d | ||
| 082 |
_28425311845 _a8425311845 _b8425311845 |
||
| 100 | _a Colin Smith | ||
| 245 | _aCollins Diccionario Español-Inglés / Inglés-Español | ||
| 250 | _a1RA EDICION | ||
| 260 |
_a Barcelona, España _b Grijalbo / Collins. _c 1979 |
||
| 300 |
_a 640 páginas _c16 x 24 cm. |
||
| 490 | _3Tapa dura (cartoné) | ||
| 520 | _aEste diccionario fue diseñado para ser la herramienta definitiva de consulta bilingüe entre el español y el inglés. Su objetivo principal es ofrecer una traducción precisa que capture el uso real y contemporáneo de ambos idiomas. Busca cerrar la brecha cultural al incluir términos específicos tanto de España como de toda Latinoamérica. Prioriza la claridad, proporcionando múltiples acepciones y ejemplos de uso en contextos cotidianos y técnicos. Está dirigido a estudiantes avanzados, traductores y profesionales que requieren un nivel de detalle profundo. Facilita la comprensión de modismos, frases hechas y construcciones gramaticales complejas en ambas lenguas. Aspira a ser una obra de referencia exhaustiva que resuelva dudas semánticas con rigor académico y lingüístico. En definitiva, busca garantizar una comunicación fluida y natural para cualquier usuario de nivel internacional. | ||
| 650 |
_aLéxico Bilingüe Exhaustivo _vTratamiento de Modismos _xGuía de Pronunciación |
||
| 700 | _a Colin Smith | ||
| 942 |
_2ddc _cBKA _n0 |
||
| 999 |
_c2059 _d2059 |
||